Microeconomía intermedia

Guardat en:
Dades bibliogràfiques
Autor principal: Katz, Michael L. (autor)
Altres autors: Rosen, Harvey S. (autor), Morgan, Wyn (autor), Deocón, Gloria Trinidad (traductora)
Format: Llibre
Idioma:anglès
Publicat: Madrid, España McGraw-Hill/Interamericana de España S.A.U. 2007
Edició:Segunda edición
Matèries:
Etiquetes: Afegir etiqueta
Sense etiquetes, Sigues el primer a etiquetar aquest registre!

MARC

LEADER 00000nam a22000007a 4500
003 CL-VaPUC
005 20210825101523.0
008 210629b ||||| |||| 00| 0 eng d
999 |c 433264  |d 433262 
020 |a 9788448156596 
040 |c Pontificia Universidad Católica de Valparaíso 
082 0 4 |2 21  |a 338.5 KAT 2007 
100 1 |a Katz, Michael L.  |e autor  |9 861932 
245 1 |a Microeconomía intermedia 
250 |a Segunda edición 
260 3 |a Madrid, España  |b McGraw-Hill/Interamericana de España S.A.U.  |c 2007 
300 |a 715 páginas 
500 |a Donación familia profesor Sergio Soto Silva. Escuela de Mecánica. 
583 |c 20210629  |k Daniel Castañeda 
650 0 0 |a Economía  |v Oferta y demanda  |9 861933 
650 0 0 |a Macroeconomía  |x Mercado  |9 861934 
700 1 |a Rosen, Harvey S.  |e autor  |9 861935 
700 1 |a Morgan, Wyn  |e autor  |9 861936 
700 1 |a Deocón, Gloria Trinidad  |e traductora  |9 861937 
942 |2 ddc  |c BK 
952 |0 0  |1 0  |2 ddc  |4 0  |6 338_500000000000000_KAT_2007  |7 0  |9 578327  |a BIBMEC  |b BIBMEC  |d 2021-06-29  |i 5622468  |o 338.5 KAT 2007  |p 5622468  |r 2024-01-19  |t 1  |w 2021-06-29  |y BK  |k MEC